000 00724nam a2200217Ia 4500
001 8935
003 GE_BSU
008 181216s||||||||xx |||||||||||||| ||und||
040 _cGE_BSU
080 _a821.353.1-32
100 _aკიკვიძე, ყარამან
245 _aჩემი მხიარული კეთილი თანამგზავრი
245 _bმოთხრობები
245 _cრედ: ს.დემურხანაშვილი;მხატვ:.ე.ადამია.
260 _aთბილისი.
260 _bმერანი.
260 _c1971
300 _a159გვ;17სმ.
653 _aმოთხრობები
942 _cBK
999 _c42240
_d42240